000 00644nam a2200241Ia 4500
003 OSt
005 20220918204401.0
006 a|||||r|||| 00| 0
007 ta
008 220917b |||||||| |||| 00| 0 eng d
024 _a112,427
037 _cTextual
040 _aARTS
_cARTS
_beng
041 _2eng
_aeng
082 _aV52:71.D8<-C249, L9
100 _aPotter T W
_9111827
245 0 _aChanging landscape of South Ethruria
260 _aLondon
_bPaul Elek
_c1979
300 _axv,184p. illus
_ccm.
650 _aHISTORY
942 _hV52:71.D8<-C249, L9
_cTEXL
_2CC
999 _c235776
_d235776